000
00276nam a2200109Ia 4500
008
220216s9999 xx 000 0 und d
245
0
_a
Pioneers in rubber industry
260
_b
Rubber Asia 20th Anniversary Issue
300
_a
25-31
650
_a
Rubber industry
942
_c
JS
999
_c
65059
_d
65059